000 00264nam a2200097Ia 4500
005 20251222175817.0
008 251222s9999||||xx |||||||||||||| ||spa||
082 _aDVD0070/F75/2004
245 0 _aDescubriendo el país de nunca jamás :Finding Neverland
942 _cDVD
999 _c40367
_d40367